00386nam a2200169Ia 4500003000400000005001700004008004100021020001800062040000700080041000800087082002200095100002100117245001400138260003100152300001200183650002100195OSt20230415112203.0210423s1991 xx 000 0 und d a0-440-21189-1 cAL aeng a813.54 223bSTEH aDANIELLE (Steel) aHeartbeat aNew YorkbDell booksc1991 a404bPB aAmerican Fiction